000
00495nam a2200181Ia 4500
008
090123s9999 xx 000 0 und d
082
_b
39797
100
_a
वझे हेमंत
245
_a
बंडूनाना
250
_a
1
260
_b
अनघा प्रकाशन
_c
2006
300
_a
176
600
_a
वझे हेमंत
630
_a
बंडूनाना
700
_a
वझे हेमंत
730
_a
बंडूनाना
942
_c
BOOK
999
_c
77869
_d
77869